El cartero de Neruda
Spremljeno u:
| Glavni autor: | |
|---|---|
| Format: | Knjiga |
| Jezik: | španjolski |
| Izdano: |
Santiago
Random House Mondadori
2009
|
| Izdanje: | 3a. ed |
| Teme: | |
| Oznake: |
Dodaj oznaku
Bez oznaka, Budi prvi tko označuje ovaj zapis!
|
MARC
| LEADER | 00000nam a2200000 a 4500 | ||
|---|---|---|---|
| 001 | UCG1164 | ||
| 003 | CL-VaPUC | ||
| 008 | 100422e20091200CL |||||||||||||||||spa|d | ||
| 020 | |a 9568367578 | ||
| 082 | 0 | 4 | |a Ch863 |b SKA |2 21 |
| 100 | 0 | |a Skármeta, Antonio |e author |9 518251 | |
| 245 | 1 | 3 | |a El cartero de Neruda |
| 250 | |a 3a. ed | ||
| 300 | |a 139 p | ||
| 942 | |c BK | ||
| 945 | |d 20100422 00:00:00 |a dcastane | ||
| 260 | |a Santiago |b Random House Mondadori |c 2009 | ||
| 650 | 0 | |a Novelas chilenas |9 265425 | |
| 650 | 0 | |a Literatura chilena |9 308278 | |
| 583 | |a last modification |c 20100422 00:00:00 |k Rodrigo Vera | ||
| 999 | |c 340592 |d 340590 | ||
| 952 | |0 0 |1 0 |4 0 |6 CH_863_000000000000000_SKA_2009 |7 0 |8 A |9 435449 |a BIBEDU |b BIBEDU |d 2019-11-22 |i 4663888 |o Ch863 SKA 2009 |p 4663888 |r 2019-11-22 |w 2019-11-22 |y BK |k LIT | ||